书目信息 |
| 题名: |
儿童绘画成功施教与互动方法
|
|
| 作者: | 刘亚明 , 韩鸫 著 | |
| 分册: | ||
| 出版信息: | 北京 中国农业出版社 2021.2 |
|
| 页数: | 148页 | |
| 开本: | 24cm | |
| 丛书名: | ||
| 单 册: | ||
| 中图分类: | J124 , G613.6 | |
| 科图分类: | ||
| 主题词: | 儿童教育--美术教育--教学研究--中国 , 教育--各级 | |
| 电子资源: | ||
| ISBN: | 978-7-109-26765-7 | |
| 000 | 00975nam0 2200265 45 | |
| 001 | 012001002697 | |
| 005 | 20210923111859.08 | |
| 010 | @a978-7-109-26765-7@dCNY58.00 | |
| 100 | @a20210318d2021 em y0chiy0110 ea | |
| 101 | 0 | @achi |
| 102 | @aCN@b110000 | |
| 105 | @aa z 000yy | |
| 106 | @ar | |
| 200 | 1 | @a儿童绘画成功施教与互动方法@Aer tong hui hua cheng gong shi jiao yu hu dong fang fa@f刘亚明, 韩鸫等著 |
| 210 | @a北京@c中国农业出版社@d2021.2 | |
| 215 | @a148页@d24cm | |
| 330 | @a本书共六章,介绍了如何利用幼儿的自发游戏开展美术活动,如何发现和培养幼儿的美术兴趣,如何通过美术活动提高幼儿的观察力和认知能力,如何认识儿童绘画能力的发展,如何培养幼儿的想象力和创造力,以及如何培养幼儿的美术核心素养等。 | |
| 606 | 0 | @a儿童教育@x美术教育@x教学研究@y中国 |
| 606 | 0 | @a教育@x各级 |
| 690 | @aJ124@v5 | |
| 690 | @aG613.6@v3 | |
| 701 | 0 | @a刘亚明@ALiu Ya Ming@4著 |
| 701 | 0 | @a韩鸫@Ahan dong@4著 |
| 801 | @aCN@bAHXH@c20210922 | |
| 905 | @b1284091-5@dG613.6@e2265@f5 | |
| 儿童绘画成功施教与互动方法/刘亚明, 韩鸫等著.-北京:中国农业出版社,2021.2 |
| 148页;24cm |
| ISBN 978-7-109-26765-7:CNY58.00 |
| 本书共六章,介绍了如何利用幼儿的自发游戏开展美术活动,如何发现和培养幼儿的美术兴趣,如何通过美术活动提高幼儿的观察力和认知能力,如何认识儿童绘画能力的发展,如何培养幼儿的想象力和创造力,以及如何培养幼儿的美术核心素养等。 |
| ● |
| 相关链接 |
|
|
|
|
正题名:儿童绘画成功施教与互动方法
索取号:G613.6/2265
 
预约/预借
| 序号 | 登录号 | 条形码 | 馆藏地/架位号 | 状态 | 备注 |
| 1 | 1284091 | 212840915 | 第一样本阅览室/ [索取号:G613.6/2265] | 在馆 | |
| 2 | 1284092 | 212840924 | 教育系资料室/ [索取号:G613.6/2265] | 在馆 | |
| 3 | 1284093 | 212840933 | 教育系资料室/ [索取号:G613.6/2265] | 在馆 | |
| 4 | 1284094 | 212840942 | 第四借阅区/ [索取号:G613.6/2265] | 在馆 | |
| 5 | 1284095 | 212840951 | 第四借阅区/ [索取号:G613.6/2265] | 在馆 |